[Event "C.to Provinciale BI-VC"]
[Site "Valle Mosso ITA"]
[Date "2012.03.02"]
[Round "1"]
[White "Borghi, Dario"]
[Black "Avetta, Gianmario"]
[Result "0-1"]
[WhiteElo "1584"]
[BlackElo "1879"]
[PlyCount "140"]
[EventDate "2012.03.02"]

1. e4 e5 2. Nf3 Nf6 3. Nxe5 d6 4. Nf3 Nxe4 5. Qe2 Qe7 6. d3 Nf6 7. Bg5 Bg4 8.
Bxf6 gxf6 9. Qxe7+ Bxe7 10. Be2 Nc6 11. c3 O-O-O 12. Nbd2 Rhg8 13. Rg1 Ne5 14.
Nxe5 fxe5 15. Bxg4+ Rxg4 16. h3 Rg7 17. Ne4 Bh4 18. g3 f5 19. Nd2 Rdg8 20. Nf3
Bf6 21. Ke2 h5 22. Ke3 d5 23. Rad1 Kd7 24. Nh2 Ke6 25. Kf3 e4+ 26. dxe4 fxe4+
27. Ke3 c5 28. a4 b6 29. Nf1 Kf5 30. Rxd5+ Kg6 31. Kxe4 Re8+ 32. Kd3 Re1 33.
Kc2 Rge7 34. h4 Ra1 35. Rd1 Re2+ 36. Rd2 Rae1 37. Kd3 Re7 38. Kc2 Bg7 39. Rd6+
Kh7 40. f4 Ra1 41. Rd1 Rxa4 42. Nd2 Kg6 43. Rde1 Kf7 44. Rxe7+ Kxe7 45. Re1+
Kd7 46. Re4 Ra1 47. Nb1 Kd6 48. Re8 Kd7 49. Rg8 Bf6 50. Rg6 Ke6 51. Rh6 Ra4 52.
Rxh5 Re4 53. Nd2 Re2 54. f5+ Ke5 55. g4 Bd8 56. Rh8 Be7 57. Re8 Kf6 58. h5 Kf7
59. Ra8 Bg5 60. Rxa7+ Kf6 61. Rd7 Rg2 62. Kd1 Rg1+ 63. Kc2 Rg2 64. b3 Ke5 65.
c4 Kf4 66. Kc3 Rxg4 67. Rd6 Rg3+ 68. Rd3 Rg2 69. Rd5 Bf6+ 70. Kc2 Rh2 0-1

[Event "C.to Provinciale BI-VC"]
[Site "Valle Mosso ITA"]
[Date "2012.03.02"]
[Round "1"]
[White "Caldi, Mario"]
[Black "Robiolio, Giancarlo"]
[Result "1-0"]
[WhiteElo "1855"]
[BlackElo "1577"]
[PlyCount "47"]
[EventDate "2012.03.02"]

1. e4 c5 2. Nf3 Nc6 3. Bb5 e6 4. Bxc6 bxc6 5. d3 Be7 6. O-O Nf6 7. h3 a5 8. a4
Ba6 9. b3 Nxe4 10. dxe4 Bxf1 11. Kxf1 Rb8 12. Nbd2 d6 13. Bb2 f6 14. Nh4 Kd7
15. Nhf3 c4 16. Nxc4 d5 17. exd5 cxd5 18. Na3 Ke8 19. Nd4 Qd6 20. Qg4 Kf7 21.
Nab5 Qa6 22. Kg1 h5 23. Qf3 Rbc8 24. Re1 1-0

[Event "C.to Provinciale BI-VC"]
[Site "Valle Mosso ITA"]
[Date "2012.03.02"]
[Round "1"]
[White "Isoardi, Luigi"]
[Black "Ubezio, Marco"]
[Result "0-1"]
[WhiteElo "1808"]
[BlackElo "2132"]
[PlyCount "88"]
[EventDate "2012.03.02"]

1. d4 Nf6 2. Nf3 c5 3. c3 d5 4. e3 Qc7 5. Bd3 Bg4 6. Nbd2 Nc6 7. Qc2 e6 8. b3
Bd6 9. h3 Bh5 10. e4 cxd4 11. cxd4 dxe4 12. Nxe4 Bxf3 13. Nxf6+ gxf6 14. gxf3
Nxd4 15. Qxc7 Bxc7 16. f4 O-O-O 17. Be3 Nxb3 18. axb3 Rxd3 19. Rxa7 Kb8 20. Ra2
Rxb3 21. Ba7+ Kc8 22. Ke2 b6 23. Rc1 Kb7 24. Rc4 Rxh3 25. Rd2 Rc8 26. Rd7 Ra3
27. Bxb6 Kxb6 28. Rxf7 f5 29. Rxh7 Ra6 30. Rh1 Ra2+ 31. Kf3 Rb2 32. Rhc1 Kb7
33. Rc6 Rb6 34. R6c4 Kb8 35. Ke2 Rb7 36. Kf3 Rd8 37. Ra4 Rb3+ 38. Ke2 Rb2+ 39.
Kf3 Bb6 40. Rf1 Rd3+ 41. Kg2 Rdd2 42. Rc4 Bxf2 43. Rc6 Bh4+ 44. Kf3 Rd3# 0-1

[Event "C.to Provinciale BI-VC"]
[Site "Valle Mosso ITA"]
[Date "2012.03.02"]
[Round "1"]
[White "Migliorini, Matteo"]
[Black "Saviano, Sabato"]
[Result "1-0"]
[WhiteElo "1970"]
[BlackElo "1731"]
[PlyCount "83"]
[EventDate "2012.03.02"]

1. e4 c6 2. d4 d5 3. e5 Bf5 4. Nf3 e6 5. Be2 Bb4+ 6. c3 Ba5 7. O-O Ne7 8. Nbd2
O-O 9. c4 dxc4 10. Nxc4 Bc7 11. Bg5 h6 12. Bh4 g5 13. Bg3 Bg6 14. Ne3 Nf5 15.
h3 Nxe3 16. fxe3 Nd7 17. Nh2 f5 18. Qb3 Re8 19. Bc4 Nf8 20. Qxb7 Bb6 21. Rad1
Rc8 22. Qa6 Qe7 23. Be1 Red8 24. Bc3 Bh5 25. g4 fxg4 26. Nxg4 Bxg4 27. hxg4 Nd7
28. Bb3 Re8 29. Qd3 Qg7 30. Qf5 Nf8 31. Rf3 Re7 32. Rdf1 Kh8 33. Qxf8+ Rxf8 34.
Rxf8+ Qxf8 35. Rxf8+ Kg7 36. Rf6 c5 37. Rxe6 Rc7 38. Kg2 cxd4 39. exd4 a5 40.
d5 a4 41. Rxb6 axb3 42. Rxb3 1-0

[Event "C.to Provinciale BI-VC"]
[Site "Valle Mosso ITA"]
[Date "2012.03.02"]
[Round "1"]
[White "Redamante, Marzio"]
[Black "Bardone, Lorenzo"]
[Result "0-1"]
[WhiteElo "1462"]
[BlackElo "1845"]
[PlyCount "94"]
[EventDate "2012.03.02"]

1. d4 d5 2. e3 Nf6 3. c4 c6 4. Nc3 a6 5. Nf3 b5 6. cxd5 cxd5 7. Bd3 Bb7 8. Bd2
e6 9. O-O Nbd7 10. Qb3 Bd6 11. Rfc1 O-O 12. Ne2 Ne4 13. Be1 Nb6 14. Ba5 Bc7 15.
a4 Nc4 16. Bxc7 Qxc7 17. axb5 axb5 18. Rxa8 Rxa8 19. Qxb5 Bc6 20. Qb4 Rb8 21.
Qe1 Nxb2 22. Bxe4 dxe4 23. Ne5 Nd3 24. Rxc6 Qxe5 25. dxe5 Nxe1 26. Nc3 Nd3 27.
Kf1 Nxe5 28. Rc5 Nd3 29. Rc4 f5 30. Rc6 Kf7 31. Rc7+ Kf6 32. g3 Rb2 33. Ne2
Rb1+ 34. Kg2 Ne1+ 35. Kh3 g5 36. g4 Kg6 37. Rc6 fxg4+ 38. Kxg4 h5+ 39. Kg3 Nf3
40. Rc1 Rxc1 41. Nxc1 Kf5 42. Ne2 e5 43. h3 h4+ 44. Kg2 g4 45. hxg4+ Kxg4 46.
Ng1 Nxg1 47. Kxg1 Kf3 0-1

[Event "C.to Provinciale BI-VC"]
[Site "Valle Mosso ITA"]
[Date "2012.03.02"]
[Round "1"]
[White "Rocchi, Enrico"]
[Black "Lavino, Stefano"]
[Result "1-0"]
[WhiteElo "1919"]
[BlackElo "1677"]
[PlyCount "143"]
[EventDate "2012.03.02"]

1. e4 d5 2. exd5 Qxd5 3. Nc3 Qa5 4. d4 c6 5. Nf3 Bg4 6. Qd3 Nd7 7. h3 Bf5 8.
Qe2 Ngf6 9. Bd2 Qc7 10. g3 e6 11. Bg2 Bd6 12. Be3 Ne4 13. Nxe4 Bxe4 14. Bg5
Bxf3 15. Qxf3 Qa5+ 16. Bd2 Qb6 17. O-O-O Nf6 18. Rhe1 O-O-O 19. Re3 Be7 20. Rb3
Qc7 21. Be3 Kb8 22. Kb1 Ka8 23. c4 Rhf8 24. Rc1 Qd7 25. Qe2 Rc8 26. Qe1 Qd8 27.
c5 Nd5 28. Rc4 Bf6 29. Ra3 g5 30. Rca4 a6 31. Qd1 Rc7 32. Bd2 Qe7 33. Be3 Kb8
34. Qb3 Kc8 35. Bxd5 exd5 36. Qc2 Qe4 37. Qxe4 dxe4 38. Rc4 Rd8 39. Kc2 Rcd7
40. Kc3 h6 41. b4 Bg7 42. Rb3 f5 43. a4 f4 44. gxf4 gxf4 45. Bxf4 Bxd4+ 46. Kc2
Bxf2 47. Rxe4 h5 48. Bd6 h4 49. b5 Bxc5 50. Bxc5 Rd2+ 51. Kc3 a5 52. Rxh4 R2d3+
53. Kc4 Rd1 54. bxc6 bxc6 55. Bb6 Rc1+ 56. Rc3 Rxc3+ 57. Kxc3 Rd6 58. Bxa5 Kb7
59. Bb4 Rd1 60. Rc4 Rh1 61. h4 Rh3+ 62. Kb2 Rh2+ 63. Kb3 Rh3+ 64. Bc3 Rf3 65.
Kb4 Rf5 66. Rg4 Rh5 67. Bf6 Rf5 68. Bg5 Rf1 69. h5 Rb1+ 70. Ka5 Kc7 71. h6 Rf1
72. h7 1-0

[Event "C.to Provinciale BI-VC"]
[Site "Valle Mosso ITA"]
[Date "2012.03.02"]
[Round "1"]
[White "Santo, Sebastiano"]
[Black "Zannoni, Gianni"]
[Result "0-1"]
[WhiteElo "1439"]
[BlackElo "1818"]
[PlyCount "54"]
[EventDate "2012.03.02"]

1. e4 d6 2. d4 Nf6 3. Nc3 c6 4. Be2 e5 5. dxe5 dxe5 6. Qxd8+ Kxd8 7. Bg5 Bb4 8.
O-O-O+ Kc7 9. Bxf6 gxf6 10. Rd3 Be6 11. a3 Bc5 12. Rf3 Nd7 13. Nh3 b5 14. b4
Bd6 15. Rg3 a5 16. Bxb5 axb4 17. Rd1 Rxa3 18. Nd5+ cxd5 19. exd5 Ra1+ 20. Kd2
Rxd1+ 21. Kxd1 Bxd5 22. Rd3 Bxg2 23. Rg3 Bd5 24. Ba4 Ra8 25. Bb3 Bxb3 26. cxb3
Ra1+ 27. Ke2 Rh1 0-1

[Event "C.to Provinciale BI-VC"]
[Site "Valle Mosso ITA"]
[Date "2012.03.02"]
[Round "1"]
[White "Squara, Marco"]
[Black "Pedoni, Lorenzo"]
[Result "1-0"]
[WhiteElo "1812"]
[BlackElo "1389"]
[PlyCount "57"]
[EventDate "2012.03.02"]

1. d4 d5 2. c4 dxc4 3. e3 Be6 4. Nf3 Nf6 5. Nc3 g6 6. Nd2 Bg7 7. Nxc4 O-O 8.
Be2 Bd5 9. O-O Nc6 10. Nd2 e5 11. e4 exd4 12. Nxd5 Nxd5 13. exd5 Qxd5 14. Bf3
Qb5 15. b3 d3 16. Rb1 Qa6 17. a3 Rad8 18. Nc4 b5 19. Ne3 Rfe8 20. Bxc6 Qxc6 21.
Bb2 Bh6 22. Rc1 Qd6 23. Qd2 f5 24. Qc3 d2 25. Qh8+ Kf7 26. Rxc7+ Qxc7 27. Qxh7+
Kf8 28. Qxc7 Bxe3 29. Qg7# 1-0

[Event "C.to Provinciale BI-VC"]
[Site "Valle Mosso ITA"]
[Date "2012.03.02"]
[Round "1"]
[White "Tibaldeschi, Attilio"]
[Black "Siclari, Giovanni"]
[Result "0-1"]
[WhiteElo "1727"]
[BlackElo "1956"]
[PlyCount "86"]
[EventDate "2012.03.02"]

1. Nf3 f5 2. b3 Nf6 3. Bb2 e6 4. d3 Be7 5. Nbd2 d6 6. e3 O-O 7. Be2 Qe8 8. h3
e5 9. O-O Qg6 10. Nh2 Be6 11. f4 exf4 12. exf4 Nd5 13. Bh5 Qh6 14. Qe2 Bf7 15.
Bxf7+ Rxf7 16. Qf3 c6 17. Nc4 Nd7 18. a3 Bf6 19. Rae1 Bxb2 20. Nxb2 Qf6 21. Nd1
Re7 22. g4 Rae8 23. Rxe7 Rxe7 24. c4 Qd4+ 25. Qf2 Qxf2+ 26. Rxf2 Re1+ 27. Nf1
Rxd1 28. cxd5 fxg4 29. dxc6 bxc6 30. hxg4 Rxd3 31. Rd2 Rxd2 32. Nxd2 Kf7 33.
Kf2 Ke6 34. Kf3 d5 35. Ke3 Nf6 36. f5+ Kd6 37. Kf4 c5 38. a4 Nd7 39. g5 Ne5 40.
Nf1 Nd3+ 41. Ke3 Nc1 42. Nd2 Ke5 43. g6 h5 0-1

[Event "C.to Provinciale BI-VC"]
[Site "Valle Mosso ITA"]
[Date "2012.03.16"]
[Round "2"]
[White "Avetta, Gianmario"]
[Black "Sgaggero, Marco"]
[Result "1-0"]
[WhiteElo "1879"]
[BlackElo "1344"]
[PlyCount "75"]
[EventDate "2012.03.02"]

1. c4 e5 2. Nc3 Nf6 3. g3 d5 4. Bg2 dxc4 5. Qa4+ c6 6. Qxc4 Be6 7. Qa4 Bd6 8.
e3 a6 9. Nge2 b5 10. Qc2 Qd7 11. d4 exd4 12. Nxd4 Bd5 13. Nxd5 Nxd5 14. O-O O-O
15. a3 b4 16. Bd2 c5 17. Bxd5 Ra7 18. Nf5 Rc7 19. Nxd6 Qxd6 20. Qc4 Nd7 21. e4
Ne5 22. Qe2 Re7 23. axb4 cxb4 24. Rxa6 Qc5 25. Rc1 Qd4 26. Be3 Nf3+ 27. Qxf3
Qxb2 28. Ra8 Rxa8 29. Bxa8 h6 30. Qf5 g6 31. Rc8+ Kh7 32. Qc5 Rd7 33. Qf8 Rd1+
34. Kg2 Qg7 35. Qxb4 Rd7 36. Bd5 g5 37. Bd4 Qg6 38. Rh8# 1-0

[Event "C.to Provinciale BI-VC"]
[Site "Valle Mosso ITA"]
[Date "2012.03.16"]
[Round "2"]
[White "Bardone, Lorenzo"]
[Black "Migliorini, Matteo"]
[Result "1/2-1/2"]
[WhiteElo "1845"]
[BlackElo "1970"]
[PlyCount "61"]
[EventDate "2012.03.02"]

1. e4 c5 2. Nf3 d6 3. Bb5+ Bd7 4. Bxd7+ Qxd7 5. O-O Nf6 6. e5 dxe5 7. Nxe5 Qc7
8. Re1 e6 9. Nc3 a6 10. d4 Bd6 11. Bf4 cxd4 12. Qxd4 Nc6 13. Nxc6 Bxf4 14. Ne5
Bxe5 15. Qxe5 Qxe5 16. Rxe5 O-O-O 17. Ne4 Nxe4 18. Rxe4 Rd2 19. Rc4+ Kb8 20.
Kf1 Rhd8 21. Ke1 e5 22. a4 f5 23. b4 e4 24. Ra3 g5 25. b5 a5 26. b6 R2d6 27.
Rb3 Rh6 28. h3 Rhd6 29. Rb5 Rd1+ 30. Ke2 R1d2+ 31. Ke1 1/2-1/2

[Event "C.to Provinciale BI-VC"]
[Site "Valle Mosso ITA"]
[Date "2012.03.16"]
[Round "2"]
[White "Lavino, Stefano"]
[Black "Redamante, Marzio"]
[Result "0-1"]
[WhiteElo "1677"]
[BlackElo "1462"]
[PlyCount "84"]
[EventDate "2012.03.02"]

1. d4 d5 2. Bf4 e6 3. e3 Nf6 4. Nf3 c5 5. c3 cxd4 6. exd4 Be7 7. Nbd2 Qb6 8.
Qb3 Qd8 9. Bd3 O-O 10. Ne5 Nh5 11. Be3 Qc7 12. Qd1 Nf6 13. Qf3 Nbd7 14. Bf4 Qb6
15. Rb1 Nxe5 16. dxe5 Nd7 17. Qg3 Rd8 18. h4 Nc5 19. Bc2 Bd7 20. O-O Bb5 21.
Rfe1 Qa6 22. Bh6 Bf8 23. Bg5 Rd7 24. h5 Rc8 25. Nb3 Nxb3 26. Bxb3 Bd3 27. Rbd1
Be2 28. Rd4 Bxh5 29. Rc1 Bg6 30. Be3 b6 31. Rh4 Qe2 32. Bd1 Qxb2 33. Qh2 Rxc3
34. Rxc3 Qxc3 35. Be2 Qe1+ 36. Bf1 Bd3 37. Qg3 Qxf1+ 38. Kh2 Qe2 39. Rg4 Bf5
40. Rg5 Qxa2 41. Rh5 Bg6 42. Rg5 d4 0-1

[Event "C.to Provinciale BI-VC"]
[Site "Valle Mosso ITA"]
[Date "2012.03.16"]
[Round "2"]
[White "Pedoni, Lorenzo"]
[Black "Borghi, Dario"]
[Result "0-1"]
[WhiteElo "1389"]
[BlackElo "1584"]
[PlyCount "80"]
[EventDate "2012.03.02"]

1. e4 e5 2. d4 exd4 3. c3 dxc3 4. Bc4 Nc6 5. Nxc3 Bb4 6. Bd2 Nf6 7. Nf3 d6 8.
Qb3 O-O 9. Ng5 Qe7 10. O-O h6 11. Nf3 Bg4 12. Nd5 Nxd5 13. exd5 Bxf3 14. Qxf3
Ne5 15. Qe2 Bxd2 16. Rad1 Bg5 17. f4 Nxc4 18. Qxc4 Bf6 19. Rde1 Qd7 20. b3 Rfe8
21. Rc1 Re7 22. Qb4 Rb8 23. Rfe1 Rxe1+ 24. Rxe1 Re8 25. Rd1 Rb8 26. Qa5 a6 27.
Rc1 Bd4+ 28. Kf1 Qb5+ 29. Qxb5 axb5 30. Rxc7 Bc5 31. Ke2 Kf8 32. Kd3 b4 33. Kc4
b5+ 34. Kd3 Ra8 35. Rb7 Rxa2 36. Rb8+ Ke7 37. Rb7+ Kf6 38. Rxb5 Rxg2 39. Kc4
Rxh2 40. Rxc5 Rc2+ 0-1

[Event "C.to Provinciale BI-VC"]
[Site "Valle Mosso ITA"]
[Date "2012.03.16"]
[Round "2"]
[White "Robiolio, Giancarlo"]
[Black "Isoardi, Luigi"]
[Result "1/2-1/2"]
[WhiteElo "1577"]
[BlackElo "1808"]
[PlyCount "137"]
[EventDate "2012.03.02"]

1. b3 d5 2. Bb2 Bf5 3. e3 Nd7 4. Nf3 e6 5. Be2 Ngf6 6. c4 c6 7. Na3 Qa5 8. Nc2
h6 9. Bc3 Qc7 10. d3 Bd6 11. Qd2 O-O 12. O-O e5 13. Rad1 e4 14. Nh4 exd3 15.
Nxf5 dxe2 16. Qxe2 Bxh2+ 17. Kh1 Be5 18. Bb4 c5 19. Ba3 Ne4 20. Ne7+ Kh8 21.
Nxd5 Qd8 22. Qh5 Bd6 23. Qg4 Nef6 24. Qh3 Nxd5 25. Rxd5 Nf6 26. Rd3 Qc7 27. Bb2
Be5 28. Ba3 b6 29. f4 Bd6 30. Bb2 Be7 31. Rd5 Kg8 32. Qg3 Kh7 33. Rfd1 Rad8 34.
Kh2 g6 35. Bxf6 Bxf6 36. e4 Rxd5 37. Rxd5 g5 38. e5 gxf4 39. Qxf4 Bg5 40. Qf5+
Kg7 41. Ne1 Qc8 42. Rd7 Qa6 43. e6 Bf6 44. e7 Re8 45. Qe4 Qc8 46. Qb7 Qxb7 47.
Rxb7 Rxe7 48. Rxe7 Bxe7 49. Kg3 f5 50. Nd3 Bd6+ 51. Kf3 Kf6 52. g4 Kg5 53. Nf2
fxg4+ 54. Nxg4 h5 55. Nf2 Kh4 56. Ne4 Be5 57. Nf2 a6 58. Nd3 Bd4 59. Nf4 b5 60.
a3 Kg5 61. cxb5 axb5 62. b4 cxb4 63. axb4 Kf5 64. Nxh5 Bc3 65. Ng3+ Ke5 66. Ne2
Bxb4 67. Ke3 Kd5 68. Kd3 Kc5 69. Nd4 1/2-1/2

[Event "C.to Provinciale BI-VC"]
[Site "Valle Mosso ITA"]
[Date "2012.03.16"]
[Round "2"]
[White "Saviano, Sabato"]
[Black "Squara, Marco"]
[Result "1-0"]
[WhiteElo "1731"]
[BlackElo "1812"]
[PlyCount "129"]
[EventDate "2012.03.02"]

1. c4 e5 2. Nc3 Nf6 3. e4 Bc5 4. h3 d6 5. Nf3 Be6 6. d3 Nbd7 7. Be2 c6 8. O-O
O-O 9. Nh2 Qc7 10. Kh1 d5 11. f4 exf4 12. Bxf4 Bd6 13. Bxd6 Qxd6 14. exd5 cxd5
15. Nb5 Qb6 16. b3 dxc4 17. dxc4 Ne4 18. Qe1 f5 19. Nc3 Ndf6 20. Bf3 Nxc3 21.
Qxc3 Ne4 22. Bxe4 fxe4 23. Qe5 e3 24. c5 Qc6 25. Qxe3 Rfe8 26. Qc3 Bd5 27. Nf3
Re2 28. Rfe1 Rae8 29. Rxe2 Rxe2 30. a3 Bxf3 31. gxf3 Qe6 32. Qc4 Qxc4 33. bxc4
Re7 34. Rb1 Kf8 35. Kg2 Ke8 36. Rd1 Rd7 37. Rd5 Kd8 38. Kf2 Kc7 39. Ke3 Rf7 40.
f4 h6 41. h4 Rf6 42. h5 Ra6 43. Rd3 Re6+ 44. Kd4 Kc6 45. Rg3 Rf6 46. Rg6 Rxg6
47. hxg6 Kd7 48. Ke5 Ke7 49. a4 a5 50. Kf5 h5 51. Kg5 h4 52. Kxh4 Kf6 53. Kg4
Kxg6 54. f5+ Kf6 55. Kf4 g6 56. fxg6 Kxg6 57. Ke5 Kg5 58. Kd6 Kf5 59. Kc7 Ke5
60. Kxb7 Kd4 61. c6 Kxc4 62. c7 Kb4 63. c8=Q Kxa4 64. Kb6 Kb4 65. Qg4+ 1-0

[Event "C.to Provinciale BI-VC"]
[Site "Valle Mosso ITA"]
[Date "2012.03.16"]
[Round "2"]
[White "Siclari, Giovanni"]
[Black "Penna, Tommaso"]
[Result "1/2-1/2"]
[WhiteElo "1956"]
[BlackElo "1821"]
[PlyCount "142"]
[EventDate "2012.03.02"]

1. Nf3 Nf6 2. c4 b6 3. g3 c5 4. Bg2 Bb7 5. Nc3 e6 6. O-O Be7 7. Re1 a6 8. e4 d6
9. d4 cxd4 10. Nxd4 Qc7 11. Be3 Nbd7 12. f4 Rc8 13. Rc1 Qb8 14. b3 Nc5 15. Bf2
O-O 16. g4 g6 17. g5 Nh5 18. Qg4 Ng7 19. f5 Bd8 20. Re3 b5 21. f6 h5 22. Qh3 e5
23. fxg7 exd4 24. gxf8=Q+ Kxf8 25. Ree1 dxc3 26. Qxc3 Bxg5 27. Rcd1 bxc4 28.
bxc4 Kg8 29. Bg3 Qa7 30. Kh1 Qa8 31. Bxd6 Nxe4 32. Qc2 Nxd6 33. Rxd6 Bxg2+ 34.
Qxg2 Qxg2+ 35. Kxg2 Rxc4 36. Re2 Ra4 37. Rf2 a5 38. Rd7 Rg4+ 39. Kf1 Rf4 40.
Rxf4 Bxf4 41. h3 Kg7 42. Ke2 Be5 43. Kd3 Bg3 44. Kc4 Kf6 45. Kb5 Be1 46. a3 g5
47. Rd1 Bc3 48. Kc4 Bb2 49. Kb3 Be5 50. Rd5 Bc7 51. Kc4 Kg6 52. Kb5 g4 53. Kc6
Bf4 54. Rd4 Kf5 55. hxg4+ hxg4 56. Kd5 g3 57. Rd1 Kg4 58. Ke4 f5+ 59. Kd3 Bd6
60. Ke2 Bxa3 61. Kf1 f4 62. Rd3 Bb4 63. Kg2 Bc5 64. Rc3 Be3 65. Rc4 Bd2 66. Rd4
Be3 67. Rc4 Kf5 68. Kf3 Ke5 69. Ra4 Bd2 70. Ra2 Bb4 71. Re2+ Kf5 1/2-1/2

[Event "C.to Provinciale BI-VC"]
[Site "Valle Mosso ITA"]
[Date "2012.03.16"]
[Round "2"]
[White "Ubezio, Marco"]
[Black "Caldi, Mario"]
[Result "1-0"]
[WhiteElo "2132"]
[BlackElo "1855"]
[PlyCount "69"]
[EventDate "2012.03.02"]

1. e4 e5 2. Nf3 Nc6 3. Bb5 a6 4. Bxc6 dxc6 5. O-O f6 6. d4 exd4 7. Nxd4 Bd6 8.
Nf5 Bxf5 9. exf5 Qd7 10. Qh5+ g6 11. fxg6 O-O-O 12. g7 Qxg7 13. Nc3 f5 14.
Qxf5+ Kb8 15. Qg5 Qf8 16. Ne4 h6 17. Qh4 Be5 18. Be3 Ne7 19. Nc5 Qf7 20. Qb4 b6
21. Nxa6+ Kb7 22. Nc5+ Kc8 23. Nd3 Bd6 24. Qb3 Nd5 25. Qc4 Qh5 26. g3 Rhg8 27.
Nf4 Nxf4 28. Bxf4 b5 29. Qe6+ Kb7 30. Bxd6 cxd6 31. Qe7+ Kb6 32. a4 Rge8 33.
a5+ Ka6 34. Qc7 Qc5 35. b4 1-0

[Event "C.to Provinciale BI-VC"]
[Site "Valle Mosso ITA"]
[Date "2012.03.16"]
[Round "2"]
[White "Zannoni, Gianni"]
[Black "Rocchi, Enrico"]
[Result "1/2-1/2"]
[WhiteElo "1818"]
[BlackElo "1919"]
[PlyCount "145"]
[EventDate "2012.03.02"]

1. e4 e5 2. Nf3 Nc6 3. Bb5 Bc5 4. c3 Nf6 5. O-O O-O 6. d4 Bb6 7. Bg5 h6 8. Bh4
d6 9. h3 g5 10. Bxc6 bxc6 11. Nxg5 Nxe4 12. Nf3 Ng5 13. Bxg5 hxg5 14. dxe5 d5
15. Qd2 g4 16. hxg4 Bxg4 17. Qf4 Bxf3 18. Qxf3 Qh4 19. g3 Qh3 20. Qg2 Qh5 21.
Nd2 Qxe5 22. Rfe1 Qf6 23. Qf3 Kg7 24. Kg2 Rh8 25. Qxf6+ Kxf6 26. Re2 Rhe8 27.
Rae1 Rxe2 28. Rxe2 Rb8 29. f4 Bc5 30. g4 Bd6 31. Kg3 Rh8 32. Re1 c5 33. Nf3 c6
34. g5+ Kg7 35. Kg4 f5+ 36. gxf6+ Kxf6 37. Ng5 Rd8 38. Rh1 Rg8 39. Rh6+ Rg6 40.
Rxg6+ Kxg6 41. Nf3 Kf6 42. a4 c4 43. Nd4 c5 44. Nc2 Be7 45. Ne3 Ke6 46. Kh5 Bd6
47. Kg5 Be7+ 48. Kg6 Bd6 49. f5+ Ke5 50. f6 Ke4 51. Nf5 Bf8 52. Ne7 d4 53. cxd4
cxd4 54. Kf7 Bh6 55. Kg6 Bf8 56. Kf7 d3 57. Kxf8 d2 58. Kg7 d1=Q 59. f7 Qd4+
60. Kg8 Qg1+ 61. Kf8 Qg3 62. Ng6 Qxg6 63. Ke7 Qxf7+ 64. Kxf7 Kd5 65. Kf6 Kd6
66. Kf5 Kd5 67. Kf4 Kd4 68. Kf5 a5 69. Kf4 Kd5 70. Ke3 Ke5 71. b3 Kd5 72. bxc4+
Kxc4 73. Ke4 1/2-1/2

[Event "C.to Provinciale BI-VC"]
[Site "Valle Mosso ITA"]
[Date "2012.03.23"]
[Round "3"]
[White "Avetta, Gianmario"]
[Black "Ubezio, Marco"]
[Result "0-1"]
[WhiteElo "1879"]
[BlackElo "2132"]
[PlyCount "98"]
[EventDate "2012.03.02"]

1. c4 e5 2. Nc3 Bb4 3. e3 Nf6 4. Nge2 O-O 5. g3 c6 6. Bg2 d5 7. Qb3 Na6 8. cxd5
Nc5 9. Qc2 cxd5 10. d4 exd4 11. Nxd4 b6 12. O-O Bxc3 13. bxc3 Ba6 14. Rd1 Rc8
15. Ba3 Re8 16. Bxc5 bxc5 17. Nb3 Bc4 18. Rd2 Qc7 19. Rad1 Ne4 20. Bxe4 Rxe4
21. Nc1 Re6 22. Qf5 g6 23. Qf3 Qe5 24. Ne2 Rd6 25. Qf4 Qxf4 26. Nxf4 Rcd8 27.
Nd3 Bxd3 28. Rxd3 c4 29. Rd4 f5 30. Rb1 Rb6 31. Rdd1 Kf7 32. a3 Rb3 33. Rxb3
cxb3 34. c4 dxc4 35. Rxd8 c3 36. Rd3 b2 37. Rxc3 b1=Q+ 38. Kg2 Qb7+ 39. Kg1 g5
40. h3 h5 41. Rc4 Kf6 42. Rd4 Ke5 43. Rb4 Qc6 44. a4 a5 45. Rd4 Qc3 46. Kg2
Qxd4 47. exd4+ Kxd4 48. Kf3 Kc4 49. g4 fxg4+ 0-1

[Event "C.to Provinciale BI-VC"]
[Site "Valle Mosso ITA"]
[Date "2012.03.23"]
[Round "3"]
[White "Caldi, Mario"]
[Black "Borghi, Dario"]
[Result "0-1"]
[WhiteElo "1855"]
[BlackElo "1584"]
[PlyCount "118"]
[EventDate "2012.03.02"]

1. e4 e5 2. Nf3 Nc6 3. Bc4 Bc5 4. O-O Nf6 5. d3 d6 6. h3 h6 7. c3 O-O 8. Re1
Na5 9. Bb5 a6 10. Ba4 b5 11. Bc2 Bb6 12. Nbd2 c5 13. Nf1 Nc6 14. Ng3 Ne7 15.
Nh4 Ng6 16. Nhf5 Bxf5 17. Nxf5 Ne7 18. Qf3 Nxf5 19. exf5 Rb8 20. a4 Qd7 21. g4
Qb7 22. Qg3 Nh7 23. h4 f6 24. Bd1 d5 25. c4 bxc4 26. dxc4 dxc4 27. Bf3 Qf7 28.
Qg2 Rfd8 29. a5 Ba7 30. Ra4 Rb4 31. Rxb4 cxb4 32. Bb7 Rd6 33. Bc8 Kh8 34. Qa8
Rd8 35. Qc6 Qd5 36. Qxd5 Rxd5 37. Kg2 Rd6 38. Be3 Bxe3 39. Rxe3 Nf8 40. Re4 Rc6
41. Bb7 Rc7 42. Bxa6 c3 43. bxc3 bxc3 44. Re1 Ra7 45. Bc8 Rxa5 46. Rc1 Rc5 47.
Be6 Nxe6 48. fxe6 Kg8 49. Kf3 Kf8 50. Ke4 g6 51. h5 gxh5 52. Kf5 hxg4 53. Kxf6
c2 54. Kg6 Ke7 55. Kxh6 e4 56. Kg6 Kxe6 57. Kh6 Kf5 58. Kh5 Kf4+ 59. Kh4 e3 0-1

[Event "C.to Provinciale BI-VC"]
[Site "Valle Mosso ITA"]
[Date "2012.03.23"]
[Round "3"]
[White "Isoardi, Luigi"]
[Black "Lavino, Stefano"]
[Result "1-0"]
[WhiteElo "1808"]
[BlackElo "1677"]
[PlyCount "85"]
[EventDate "2012.03.02"]

1. d4 Nf6 2. Nf3 d5 3. e3 e6 4. Bd3 c5 5. c3 Nc6 6. Nbd2 Bd6 7. e4 dxe4 8. Nxe4
Nxe4 9. Bxe4 Qc7 10. dxc5 Bxc5 11. O-O Bd7 12. Qe2 Bd6 13. Be3 Ne5 14. Nxe5
Bxe5 15. g3 O-O 16. Rfd1 Rad8 17. f4 Bd6 18. Bd4 Bc5 19. Bxh7+ Kxh7 20. Qh5+
Kg8 21. Qxc5 Qxc5 22. Bxc5 Rfe8 23. Bxa7 Bc6 24. Bb6 Ra8 25. Kf2 Rec8 26. Rd2
Bd5 27. a4 Kf8 28. a5 Rc6 29. Re1 Rc4 30. f5 Rac8 31. fxe6 Bxe6 32. Red1 g6 33.
Rd8+ Rxd8 34. Rxd8+ Ke7 35. Rd4 Rc6 36. Ke3 Rc8 37. Rb4 Rc6 38. Bd4 Rc7 39. Rb6
Bd5 40. a6 bxa6 41. Rxa6 Kd7 42. Be5 Rb7 43. Rd6+ 1-0

[Event "C.to Provinciale BI-VC"]
[Site "Valle Mosso ITA"]
[Date "2012.03.23"]
[Round "3"]
[White "Migliorini, Matteo"]
[Black "Zannoni, Gianni"]
[Result "1-0"]
[WhiteElo "1970"]
[BlackElo "1818"]
[PlyCount "51"]
[EventDate "2012.03.02"]

1. e4 d6 2. d4 Nf6 3. Nc3 c6 4. f4 Qa5 5. Bd3 e5 6. Nf3 Bg4 7. Be3 Nbd7 8. O-O
Be7 9. h3 Bh5 10. Qe1 exf4 11. Bxf4 Bxf3 12. Rxf3 O-O 13. a4 Nh5 14. Be3 Qc7
15. Qf2 a6 16. g4 Nhf6 17. g5 Nh5 18. Bc4 Kh8 19. Bxf7 g6 20. Rf1 Ng7 21. Qh4
Nh5 22. Ne2 Rxf7 23. Rxf7 Nf8 24. Ng3 Nxg3 25. Qh6 Nh5 26. Rxf8+ 1-0

[Event "C.to Provinciale BI-VC"]
[Site "Valle Mosso ITA"]
[Date "2012.03.23"]
[Round "3"]
[White "Penna, Tommaso"]
[Black "Bardone, Lorenzo"]
[Result "1/2-1/2"]
[WhiteElo "1821"]
[BlackElo "1845"]
[PlyCount "47"]
[EventDate "2012.03.02"]

1. d4 d5 2. c4 c6 3. Nc3 Nf6 4. Nf3 a6 5. a4 e6 6. g3 Nbd7 7. Bg2 a5 8. O-O Bb4
9. Qb3 O-O 10. Rd1 b6 11. Bf4 Bb7 12. Na2 dxc4 13. Qxc4 Ba6 14. Qc2 Nd5 15. Bg5
Be7 16. Bxe7 Qxe7 17. e4 N5f6 18. Nc3 Rac8 19. e5 Nd5 20. Ne4 Nb4 21. Qb1 c5
22. Nd6 Rc7 23. Ra3 Be2 24. Re1 1/2-1/2

[Event "C.to Provinciale BI-VC"]
[Site "Valle Mosso ITA"]
[Date "2012.03.23"]
[Round "3"]
[White "Rocchi, Enrico"]
[Black "Siclari, Giovanni"]
[Result "0-1"]
[WhiteElo "1919"]
[BlackElo "1956"]
[PlyCount "32"]
[EventDate "2012.03.02"]

1. e4 c5 2. Nf3 e6 3. d4 cxd4 4. Nxd4 Nc6 5. Nc3 Qc7 6. f4 a6 7. Be2 b5 8. Nxc6
dxc6 9. O-O Bb7 10. Be3 c5 11. Qe1 b4 12. Na4 Nf6 13. e5 Nd5 14. Bf3 Bc6 15.
Nxc5 Nxe3 16. Qxe3 Bxf3 0-1